00390 a2200109 4500001001000000005001700010008004100027245010400068100002300172773006800195999001700263ART_1250420260410161907.0260409a 10aEstimation of limited dependent variable models by ordinary Least Squares and the method of moments1 aGreene, William H.0 tJournal of econometricsg- Vol. 21, NÂș 2 (feb. 1983)wREV11720 c26433d26433